• 首页
  • 本馆介绍
  • 公告通知
  • 最新文献
  • 馆藏检索
  • 电子资源
  • 读者导购
  • 参考咨询
  • 我的图书馆
  • 登录
  • 详细信息显示
  • 放入我的书架
  • 预约/预借图书
  • 作者相关作品
  • 分类相关作品
  • 丛书相关作品
  • 出版社相关作品

书目信息

  • 表格格式
  • 工作单格式
  • 卡片格式
书名: Human communication
作者: Stewart L. Tubbs, Sylvia Moss.
分册号:
分册名:
出版地: Boston :
 
出版社: McGraw-Hill
出版时间: c2003.
页数: xi, 523, [41] p. :
开本: 23 cm.
丛书名:
中图分类号:
科图分类号:
其他分类号: C912
主题词:
电子资源: http://www.loc.gov/catdir/description/mh022/2002021275.html      http://www.loc.gov/catdir/toc/mh021/2002021275.html     
000 01266cam a2200301 a 450
001 E0754884344
005 20070709151833.01
008 020326s2003 maua b 001 0 eng
010    @a2002021275
020    @a0072483962 (alk. paper).
040    @aDLC@cDLC@dDLC
050 00 @aP90@b.T78 2003
082 00 @a302.2@2 21
090    @aC912
099    @dC912@ex238=9
100 1  @aTubbs, Stewart L.,@d1943-
245 10 @aHuman communication :@bprinciples and contexts / @cStewart L. Tubbs, Sylvia Moss.
250    @a9th ed.
260    @aBoston :@bMcGraw-Hill,@cc2003.
300    @axi, 523, [41] p. :@bill. ;@c23 cm.
504    @aIncludes bibliographical references and index.
650  0 @aCommunication.
700 1  @aMoss, Sylvia,@d1937-
856 42 @3 Publisher description@uhttp://www.loc.gov/catdir/description/mh022/2002021275.html
856 41 @3 Table of contents@uhttp://www.loc.gov/catdir/toc/mh021/2002021275.html
906    @a7@bcbc@corignew@d1@eocip@f20@gy-gencatlg
925 0  @aacquire@b2 shelf copies@xpolicy default
955    @apc03 2002-03-26 to SSCD@clg09 2002-04-01@dle03 2002-04-01@ele28 2002-04-01 to Dewey@aaa05 2002-04-02@aps14 2002-07-22 bk rec’d, to CIP ver.@flg12 2002-07-31; CIP ver. HLCD lg12 07-31-2002@elg15 2002-08-01 to BCCD
    
    Human communication : : principles and contexts / / Stewart L. Tubbs, Sylvia Moss.-9th ed.-Boston : : McGraw-Hill, , c2003.
    xi, 523, [41] p. : : ill. ; ; 23 cm.
    Includes bibliographical references and index.
    
    ISBN 0072483962 (alk. paper).
    
●
相关链接 在E读中查询图书 在五车中查询图书 在当当中查询图书 在豆瓣中查询图书


正题名:Human communication     索取号:C912/x238=9         预约/预借

序号 登录号 条形码 馆藏地/架位号 状态 备注
1 11441   300114418   第二样本阅览室/ [索取号:C912/x238=9] 在馆    
唐山师范学院图书馆 欢迎您!
大连网信软件有限公司© 版权所有